000 00706nam a2200265Ia 4500
003 OSt
005 20220918163434.0
006 a|||||r|||| 00| 0
007 ta
008 220917b |||||||| |||| 00| 0 eng d
020 _a0 85478 392 X
024 _a30,845
037 _cTextual
040 _aARTS
_cARTS
_beng
041 _2eng
_aeng
082 _aO111,3M57:g, L8
100 _aGoode John
_913176
245 0 _aGeorge Gissing
_b ideology and fiction
260 _aLondon
_bVision UK
_c1978
300 _a205p.
_ccm.
490 _aA vision critical study
650 _aENGLISH LITERATURE
942 _hO111,3M57:g, L8
_cTEXL
_2CC
999 _c119624
_d119624